50 Most Populous Tibetan Cities - Statistics

General Stats
  • This quiz has been taken 25 times
  • The average score is 4 of 50
Answer Stats
Rank Answer % Correct
1. Lāsà
100%
2. Rìkāzé
46%
4. Chéngguān
38%
3. Nàqŭ
38%
6. Shānnán
38%
5. Bāyī
31%
14. Shīquánhé
31%
10. Jiāngzī
23%
24. Déqìng
15%
13. Bĭrú
8%
16. Dīngqīng
8%
7. Gātuō
8%
15. Nánmùlín
8%
43. Nímă
8%
47. Pŭbăo
8%
23. Zhāmù
8%
50. Zhúwăgēn
8%
33. Ānrăo
0%
38. Căokă
0%
48. Chāngzhū
0%
20. Chĭdú
0%
41. Dágā
0%
36. Gādōng
0%
31. Gāndānqŭguŏ
0%
46. Găngduī
0%
45. Gănggā
0%
28. Jiăzhúlín
0%
37. Jiédéxiù
0%
26. Kăgā
0%
42. Kăgā
0%
32. Lāxī
0%
44. Lèiwūqí
0%
35. Lóngzi
0%
39. Luòjiāng
0%
49. Luómă
0%
11. Mòluò
0%
25. Qŭshuĭ
0%
29. Rìdāng
0%
40. Róngbù
0%
8. Sāngduō
0%
22. Wàngdá
0%
30. Xiāngduī
0%
9. Xiàqŭ
0%
18. Xiégé'ĕr
0%
17. Yàlā
0%
34. Yānduō
0%
21. Zásè
0%
27. Zhārén
0%
19. Zhātáng
0%
12. Zītuō
0%
No matching quizzes found
Score Distribution
Percent of People with Each Score
Percentile by Number Answered
Your Score History
You have not taken this quiz